The law of contract /

This text expounds the fundamental principles of the law clearly, concisely and, where appropriate, critically. This updated edition includes an account of the Contracts (Rights of Third Parties) Act 1999 and important recent case law, particularly in the fields of implied terms and damages

Na minha lista:
Detalhes bibliográficos
Autor principal: Smith, J. C. (John Cyril) (Law teacher) (Author)
Formato: Livro
Idioma:inglês
Publicado em: London : Sweet & Maxwell, 2002.
Edição:4th ed..
Colecção:Fundamental principles of law.
Assuntos:
Tags: Adicionar Tag
Sem tags, seja o primeiro a adicionar uma tag!

MARC

LEADER 00000cam a2200000 i 4500
001 18864704
003 MU
005 20220713055320.0
008 151119s2016 enk b 001 0 eng
010 |a  2015957950 
020 |a 042178170X 
020 |a 042178170X  |c Tzs 53987.78/= 
040 |a MU Library  |b eng  |c MU Library  |e AACR  |d MU Library 
042 |a pcc 
043 |a e-uk-en 
050 0 0 |a KD1554  |b .D38 2016 
082 |2 22  |a 346.02 SMI  |b 1 
100 1 |a Smith, J. C. (John Cyril)  |c (Law teacher),  |e author. 
245 1 0 |a The law of contract /  |c John Smith  
246 3 |a Law of contract 
250 |a 4th ed.. 
260 |a London :   |b Sweet & Maxwell,   |c 2002. 
300 |a xxii, 254 p.:  |c 25 cm. 
336 |a text  |b txt  |2 rdacontent 
337 |a unmediated  |b n  |2 rdamedia 
338 |a volume  |b nc  |2 rdacarrier 
490 |a  Fundamental principles of law. 
504 |a Includes bibliographical references and index. 
505 |a  Contractual rights and duties. The objective meaning of promises. The formation of unilateral and bilateral contracts. Contract as an agreement. Identity of offeror and offeree. Consideration. Privity of contract. Representation and terms. Implied terms. Conditions, warranties and innominate terms. Misrepresentation. Exclusion clauses. Anticipatory breach of contract. Remedies for breach of contract. Contract by minors. Contracts requiring writing. Duress and undue influence. Illegality in the law of contract. 
520 |a This text expounds the fundamental principles of the law clearly, concisely and, where appropriate, critically. This updated edition includes an account of the Contracts (Rights of Third Parties) Act 1999 and important recent case law, particularly in the fields of implied terms and damages 
650 0 |a Contracts | 86.26 law of obligations  |z England | Great Britain | Contracts -- Great Britain -- Case studies 
655 7 |a Textbooks.  |2 lcgft 
775 0 8 |i Based on (work):  |a Smith, J. C. (John Cyril).  |t The law of contract.  |b 4th edition.  |d London : Sweet & Maxwell, 2002.  |z 9780421781702. 
906 |a 7  |b cbc  |c orignew  |d 2  |e epcn  |f 20  |g y-gencatlg 
942 |2 ddc  |c BK  |n 0 
999 |c 160  |d 160